[Event "Mittelrhein Regionalliga 18/19"]
[Site "Nordrheinwestfalen"]
[Date "2019.04.07"]
[Round "9.8"]
[White "Block, Wolfgang"]
[Black "Geerling, Anton"]
[Result "1/2-1/2"]
[WhiteElo "2051"]
[BlackElo "1973"]
[PlyCount "136"]
[EventDate "2018.10.28"]
[EventType "team-tourn"]
[EventRounds "11"]
[EventCountry "GER"]
[SourceTitle "EXT 2022"]
[Source "ChessBase"]
[SourceDate "2021.10.06"]
[SourceVersion "1"]
[SourceVersionDate "2021.10.06"]
[SourceQuality "1"]
[WhiteTeam "Aachen DJK Aufwärts III"]
[BlackTeam "Aachen SV II"]
[WhiteTeamCountry "GER"]
[BlackTeamCountry "GER"]

1. d4 Nf6 2. c4 g6 3. Nc3 d5 4. cxd5 Nxd5 5. e4 Nxc3 6. bxc3 Bg7 7. Be3 c5 8. Qd2 cxd4 9. cxd4 0-0 10. Bc4 Nc6 11. Ne2 Qa5 12. Rd1 Qxd2+ 13. Rxd2 Na5 14. Bd3 Bd7 15. 0-0 Rac8 16. Rb1 a6 17. Rb6 e5 18. d5 f5 19. f3 fxe4 20. fxe4 Bf6 21. Bh6 Rf7 22. Rd1 Bd8 23. Rbb1 b5 24. Be3 Nc4 25. Bf2 Bg5 26. h3 a5 27. Bg3 b4 28. Kh2 Re7 29. Ng1 Na3 30. Rb2 Ba4 31. Re1 Rc3 32. Bf1 Nc2 33. Reb1 Nd4 34. Re1 Bc1 35. Rf2 Be3 36. Rxe3 Rxe3 37. d6 Re8 38. Bc4+ Kh8 39. Bh4 h6 40. Rf7 g5 41. Bg3 Rxe4 42. Bd5 Re3 43. Nf3 Nxf3+ 44. gxf3 Re2+ 45. Kg1 Bb5 46. d7 Rd8 47. Re7 Bxd7 48. Bxe5+ Rxe5 49. Rxe5 Bxh3 50. Be4 a4 51. Ra5 Rd1+ 52. Kh2 Bd7 53. Ra7 b3 54. axb3 axb3 55. Rb7 Be6 56. Rb6 Rd2+ 57. Kg3 Bf7 58. Rxh6+ Kg7 59. Rb6 b2 60. Kg4 Rg2+ 61. Kf5 Ba2 62. Rb7+ Kf8 63. Ke5 Re2 64. Kf6 Ke8 65. Bf5 b1Q 66. Bxb1 Bxb1 67. Rxb1 Rf2 68. Kxg5 Rxf3 1/2-1/2

[Event "Mittelrhein Regionalliga 18/19"]
[Site "Nordrheinwestfalen"]
[Date "2019.03.10"]
[Round "8.7"]
[White "Block, Wolfgang"]
[Black "Krug, Reinhard"]
[Result "1/2-1/2"]
[WhiteElo "2051"]
[BlackElo "1892"]
[PlyCount "38"]
[EventDate "2018.10.28"]
[EventType "team-tourn"]
[EventRounds "11"]
[EventCountry "GER"]
[SourceTitle "EXT 2022"]
[Source "ChessBase"]
[SourceDate "2021.10.06"]
[SourceVersion "1"]
[SourceVersionDate "2021.10.06"]
[SourceQuality "1"]
[WhiteTeam "Aachen DJK Aufwärts III"]
[BlackTeam "Alsdorf SVG"]
[WhiteTeamCountry "GER"]
[BlackTeamCountry "GER"]

1. d4 Nf6 2. c4 c5 3. d5 b5 4. Qc2 bxc4 5. e4 d6 6. Bxc4 g6 7. Nc3 Bg7 8. Nf3 0-0 9. 0-0 Qa5 10. Bf4 Nbd7 11. Rfe1 Ng4 12. Bf1 Rb8 13. Rac1 Qb4 14. b3 Qa5 15. Nb1 Ba6 16. Nbd2 Nge5 17. Nxe5 Nxe5 18. Bxe5 Bxe5 19. Nc4 Bxc4 1/2-1/2

[Event "Arber op Seniors 4th"]
[Site "Bodenmais"]
[Date "2016.08.04"]
[Round "6"]
[White "Koller, Hubert"]
[Black "Block, Wolfgang"]
[Result "1/2-1/2"]
[WhiteElo "2023"]
[BlackElo "2156"]
[PlyCount "73"]
[EventDate "2016.07.30"]
[EventType "swiss"]
[EventRounds "9"]
[EventCountry "GER"]
[SourceTitle "EXT 2017"]
[Source "ChessBase"]
[SourceDate "2016.10.25"]
[SourceVersion "1"]
[SourceVersionDate "2016.10.25"]
[SourceQuality "1"]

1. d4 Nf6 2. Nf3 g6 3. Bf4 Bg7 4. c3 b6 5. e3 Bb7 6. Nbd2 0-0 7. Bd3 d5 8. 0-0 Nbd7 9. h3 c5 10. Ne5 Nxe5 11. Bxe5 Qd7 12. Qe2 Rfd8 13. Rfd1 Rac8 14. Nf3 Ne8 15. Bxg7 Kxg7 16. Ne5 Qe6 17. f4 f6 18. Ng4 Nd6 19. Nf2 cxd4 20. exd4 Qxe2 21. Bxe2 Ne4 22. Re1 Rc7 23. Bd3 Nd6 24. Re2 Kf7 25. Rae1 Bc6 26. g4 Bb5 27. Bxb5 Nxb5 28. Kg2 Nd6 29. Kf3 b5 30. a3 a5 31. Nd3 Ne4 32. h4 h6 33. Rg1 Rg8 34. Reg2 Rcc8 35. f5 e6 36. fxe6+ Kxe6 37. Ke3 1/2-1/2

[Event "Rheinland Pfalz op Seniors 14th"]
[Site "Neustadt an der Weinstrasse"]
[Date "2016.07.24"]
[Round "9"]
[White "Block, Wolfgang"]
[Black "Dushatskiy, Fedor"]
[Result "0-1"]
[WhiteElo "2156"]
[BlackElo "2178"]
[PlyCount "84"]
[EventDate "2016.07.16"]
[EventType "swiss"]
[EventRounds "9"]
[EventCountry "GER"]
[SourceTitle "EXT 2019"]
[Source "ChessBase"]
[SourceDate "2018.10.10"]
[SourceVersion "1"]
[SourceVersionDate "2018.10.10"]
[SourceQuality "1"]

1. d4 f5 2. e4 fxe4 3. Nc3 Nf6 4. Bg5 Nc6 5. d5 Ne5 6. Qd4 Nf7 7. h4 c6 8. Bc4 Nd6 9. Bb3 Qa5 10. dxc6 bxc6 11. 0-0-0 e5 12. Qd2 h6 13. Bxf6 gxf6 14. Qe2 h5 15. Nxe4 Nxe4 16. Qxe4 d5 17. Qg6+ Ke7 18. Ne2 Bg4 19. f3 Bh6+ 20. Kb1 Rag8 21. Qd3 Be6 22. g3 Qc5 23. Rhe1 Kf7 24. c3 Be3 25. Rf1 Bf2 26. Ka1 Bxg3 27. Rg1 Bxh4 28. Rxg8 Kxg8 29. Qg6+ Kf8 30. f4 Qf2 31. fxe5 Qxe2 32. exf6 Qg4 33. Qd3 Bxf6 34. Qa6 Bd7 35. Qxa7 h4 36. Rg1 Qe6 37. Qb8+ Kf7 38. Qf4 Qe5 39. Qf2 h3 40. a3 h2 41. Rh1 Bf5 42. Bd1 Rh3 0-1

[Event "Rheinland Pfalz op Seniors 14th"]
[Site "Neustadt an der Weinstrasse"]
[Date "2016.07.23"]
[Round "8"]
[White "Diehl, Klaus"]
[Black "Block, Wolfgang"]
[Result "0-1"]
[WhiteElo "2038"]
[BlackElo "2156"]
[PlyCount "105"]
[EventDate "2016.07.16"]
[EventType "swiss"]
[EventRounds "9"]
[EventCountry "GER"]
[SourceTitle "EXT 2019"]
[Source "ChessBase"]
[SourceDate "2018.10.10"]
[SourceVersion "1"]
[SourceVersionDate "2018.10.10"]
[SourceQuality "1"]

1. e3 Nf6 2. d4 g6 3. Bd3 Bg7 4. c4 d6 5. Nc3 Nbd7 6. Nge2 c6 7. 0-0 e5 8. b3 Qa5 9. a4 0-0 10. b4 Qc7 11. Ba3 Re8 12. Rc1 b6 13. b5 c5 14. Nd5 Nxd5 15. cxd5 Qd8 16. dxc5 Nxc5 17. Bb1 Bd7 18. Nc3 f5 19. e4 Qh4 20. Qe2 Bh6 21. Rc2 Rf8 22. Rb2 Rf6 23. Bxc5 bxc5 24. a5 f4 25. f3 g5 26. b6 axb6 27. axb6 g4 28. b7 Rb8 29. Qa6 gxf3 30. Qa7 Rff8 31. Bd3 fxg2 32. Rxg2+ Kh8 33. Ra1 Bh3 34. Qxb8 Rxb8 35. Ra8 Qd8 36. Rga2 Bf8 37. Bb5 Qg5+ 38. Kf2 Rxb7 39. Rxf8+ Kg7 40. Raa8 Qh4+ 41. Ke2 Bg4+ 42. Kd3 Qxh2 43. Rg8+ Kh6 44. Ra6 Qg3+ 45. Kd2 Qf2+ 46. Kc1 Bh5 47. Rxd6+ Bg6 48. Re6 Rxb5 49. Nxb5 Qf1+ 50. Kc2 Qxb5 51. Rgxg6+ hxg6 52. Rxe5 Qc4+ 53. Kb1 0-1

[Event "Rheinland Pfalz op Seniors 14th"]
[Site "Neustadt an der Weinstrasse"]
[Date "2016.07.21"]
[Round "6"]
[White "Haase, Reinhard"]
[Black "Block, Wolfgang"]
[Result "1/2-1/2"]
[WhiteElo "2114"]
[BlackElo "2156"]
[PlyCount "146"]
[EventDate "2016.07.16"]
[EventType "swiss"]
[EventRounds "9"]
[EventCountry "GER"]
[SourceTitle "EXT 2019"]
[Source "ChessBase"]
[SourceDate "2018.10.10"]
[SourceVersion "1"]
[SourceVersionDate "2018.10.10"]
[SourceQuality "1"]

1. d4 Nf6 2. c4 g6 3. Nc3 Bg7 4. Nf3 0-0 5. g3 d6 6. Bg2 Bg4 7. 0-0 Nc6 8. h3 Bxf3 9. Bxf3 Nd7 10. Be3 e5 11. Bxc6 bxc6 12. Qd2 f5 13. dxe5 Nxe5 14. b3 Qf6 15. Rac1 Nf7 16. Rfd1 Nd8 17. Bd4 Qxd4 18. Qxd4 Bxd4 19. Rxd4 Ne6 20. Rd2 f4 21. g4 a5 22. Rb1 c5 23. Re1 Rae8 24. f3 Ng5 25. Rd3 Nxh3+ 26. Kg2 Ng5 27. Kf2 Rf7 28. Rd5 h6 29. Rh1 Kg7 30. Re1 Re3 31. Nd1 Re8 32. Nc3 Rfe7 33. Rd3 Nh3+ 34. Kf1 Ng5 35. Nd5 Rf7 36. Nc3 Re5 37. Nd5 Ne6 38. Kf2 Nd4 39. Rd2 h5 40. gxh5 Rxh5 41. Rg1 Rh2+ 42. Rg2 Rxg2+ 43. Kxg2 g5 44. Kf2 Kg6 45. Rd1 Rh7 46. Rg1 Kf5 47. Rg2 Nc2 48. e4+ fxe3+ 49. Nxe3+ Nxe3 50. Kxe3 Rh1 51. Rd2 Re1+ 52. Kf2 Re5 53. Kg3 Kg6 54. Kg4 Rf5 55. Re2 Rf4+ 56. Kg3 Kf7 57. Rh2 Ke6 58. Rh7 Rf7 59. Rh8 c6 60. Rc8 Kd7 61. Ra8 d5 62. Rxa5 Kd6 63. cxd5 cxd5 64. Ra8 Rd7 65. Kf2 d4 66. Rg8 Rh7 67. Rxg5 Ra7 68. Rg6+ Ke5 69. a4 Rb7 70. Rg5+ Kf4 71. Rxc5 Rxb3 72. Ke2 Re3+ 73. Kd2 Ra3 1/2-1/2

[Event "Rheinland Pfalz op Seniors 14th"]
[Site "Neustadt an der Weinstrasse"]
[Date "2016.07.16"]
[Round "1"]
[White "Block, Wolfgang"]
[Black "Schowalter, Gerd"]
[Result "1-0"]
[WhiteElo "2156"]
[BlackElo "1948"]
[PlyCount "71"]
[EventDate "2016.07.16"]
[EventType "swiss"]
[EventRounds "9"]
[EventCountry "GER"]
[SourceTitle "EXT 2019"]
[Source "ChessBase"]
[SourceDate "2018.10.10"]
[SourceVersion "1"]
[SourceVersionDate "2018.10.10"]
[SourceQuality "1"]

1. d4 d5 2. Nf3 Nf6 3. c4 c6 4. Nc3 e6 5. Bg5 Be7 6. e3 Nbd7 7. Rc1 0-0 8. Bd3 dxc4 9. Bxc4 Nd5 10. Bxe7 Qxe7 11. 0-0 b6 12. e4 Nxc3 13. Rxc3 Nf6 14. Qe2 Bb7 15. Bd3 Rac8 16. Rfc1 Rc7 17. Nd2 Rfc8 18. e5 Ne8 19. Bxh7+ Kf8 20. Qh5 Qd8 21. Rd3 Ba6 22. Rh3 Qxd4 23. Nb3 Qxb2 24. Qg5 f6 25. exf6 Nxf6 26. Bg6 Rd7 27. Rh8+ Ke7 28. Rxc8 Bxc8 29. Be4 Kf8 30. Bxc6 Rd8 31. h3 Ba6 32. Qh4 Rd6 33. Bf3 Rd2 34. Qb4+ Kf7 35. Qxd2 Qxd2 36. Nxd2 1-0

[Event "Hessen-ch Seniors op 12th"]
[Site "Bad Sooden-Allendorf"]
[Date "2016.05.08"]
[Round "8"]
[White "Block, Wolfgang"]
[Black "Franck, Rudolf"]
[Result "0-1"]
[WhiteElo "2105"]
[BlackElo "2153"]
[PlyCount "96"]
[EventDate "2016.04.30"]
[EventType "swiss"]
[EventRounds "9"]
[EventCountry "GER"]
[SourceTitle "EXT 2019"]
[Source "ChessBase"]
[SourceDate "2018.10.10"]
[SourceVersion "1"]
[SourceVersionDate "2018.10.10"]
[SourceQuality "1"]

1. d4 Nf6 2. c4 e5 3. dxe5 Ng4 4. e3 Nxe5 5. Nh3 d6 6. Nf4 Ng6 7. Nxg6 hxg6 8. Nc3 Nd7 9. b3 Be7 10. Bb2 Bf6 11. Be2 Ne5 12. 0-0 0-0 13. Qd2 Re8 14. Nd5 Ng4 15. Nxf6+ Nxf6 16. Bf3 Qe7 17. Rad1 Ne4 18. Qd4 f6 19. Qd5+ Kf8 20. Rd4 Nc5 21. Rh4 Be6 22. Qd4 a5 23. Rd1 Kf7 24. Qd2 Rad8 25. Bc3 b6 26. Bc6 Rh8 27. Qd4 g5 28. Rxh8 Rxh8 29. f4 Rh5 30. h3 g4 31. hxg4 Bxg4 32. Bd5+ Ne6 33. Re1 Kf8 34. Qd2 f5 35. Qf2 Nc5 36. e4 Nd3 37. Qd4 Nxe1 38. Bxe1 fxe4 39. Qe3 Bf5 40. Qe2 Qe8 41. a3 Rh6 42. b4 axb4 43. axb4 c6 44. c5 cxd5 45. cxb6 Qc6 46. Qa6 Bc8 47. Qa5 Qc1 48. b7 Bxb7 0-1

[Event "Hessen-ch Seniors op 12th"]
[Site "Bad Sooden-Allendorf"]
[Date "2016.05.05"]
[Round "6"]
[White "Bartsch, Berthold"]
[Black "Block, Wolfgang"]
[Result "1/2-1/2"]
[WhiteElo "2273"]
[BlackElo "2105"]
[PlyCount "75"]
[EventDate "2016.04.30"]
[EventType "swiss"]
[EventRounds "9"]
[EventCountry "GER"]
[SourceTitle "EXT 2019"]
[Source "ChessBase"]
[SourceDate "2018.10.10"]
[SourceVersion "1"]
[SourceVersionDate "2018.10.10"]
[SourceQuality "1"]

1. Nc3 d5 2. e4 c6 3. d3 e5 4. g3 Nf6 5. Bg2 Be6 6. Qe2 d4 7. Nd1 c5 8. f4 Nc6 9. Nf3 Bd6 10. 0-0 Qc7 11. f5 Bd7 12. a3 0-0-0 13. Bd2 Kb8 14. b3 Ne8 15. Nb2 f6 16. Rfb1 Be7 17. Qe1 Rc8 18. b4 Nd8 19. bxc5 Bxc5 20. Nc4 Nc6 21. Rb2 Nd6 22. Bb4 Nxc4 23. dxc4 Nd8 24. Bf1 Ba4 25. Bd3 b6 26. Bxc5 Qxc5 27. Nd2 Nb7 28. Rb4 Qc6 29. c5 Nxc5 30. Nc4 Ka8 31. Rab1 Rb8 32. Nb2 Nxd3 33. cxd3 Bb5 34. a4 Ba6 35. Nc4 Rhc8 36. Qd2 Bxc4 37. Rxc4 Qd7 38. Rxc8 1/2-1/2

[Event "Hessen-ch Seniors op 12th"]
[Site "Bad Sooden-Allendorf"]
[Date "2016.05.04"]
[Round "5"]
[White "Schumacher, Gottfried"]
[Black "Block, Wolfgang"]
[Result "0-1"]
[WhiteElo "2260"]
[BlackElo "2105"]
[PlyCount "180"]
[EventDate "2016.04.30"]
[EventType "swiss"]
[EventRounds "9"]
[EventCountry "GER"]
[SourceTitle "EXT 2019"]
[Source "ChessBase"]
[SourceDate "2018.10.10"]
[SourceVersion "1"]
[SourceVersionDate "2018.10.10"]
[SourceQuality "1"]

1. d4 Nf6 2. c4 g6 3. g3 Bg7 4. Bg2 0-0 5. Nf3 d6 6. 0-0 Bg4 7. Nc3 Nc6 8. Bg5 Nd7 9. Qd2 Re8 10. d5 Bxf3 11. exf3 Nce5 12. b3 Nc5 13. Rab1 a5 14. Rfd1 Qb8 15. Qc2 h6 16. Be3 Qc8 17. Nb5 c6 18. Nc3 Na6 19. Qd2 Kh7 20. f4 Nd7 21. Bh3 Qd8 22. a3 c5 23. Na4 Nf6 24. Qc2 Nc7 25. Nc3 Rb8 26. Qd3 Na6 27. Bd2 Nc7 28. Be1 Nd7 29. Ne4 f5 30. Nc3 b6 31. Ne2 Nf6 32. Bc3 Qd7 33. Kg2 Ra8 34. Ng1 b5 35. Nf3 b4 36. axb4 axb4 37. Bb2 Nh5 38. Nh4 Rf8 39. Re1 Ra2 40. Re2 Bxb2 41. Rbxb2 Rxb2 42. Rxb2 e6 43. Ra2 exd5 44. cxd5 Ng7 45. Ra7 Qf7 46. Kf1 Qxd5 47. Qxd5 Nxd5 48. Rd7 Rf6 49. Ke2 Nb6 50. Rc7 Kg8 51. Bg2 Ne6 52. Rb7 Nd4+ 53. Kd3 d5 54. Bxd5+ Nxd5 55. Kc4 Nb6+ 56. Kxc5 Nxb3+ 57. Kxb4 Nd2 58. Kc5 Ne4+ 59. Kd4 Rd6+ 60. Ke3 Nd5+ 61. Kf3 Nc5 62. Ra7 Ne6 63. h3 Nd4+ 64. Kg2 Kf8 65. Rb7 Ne7 66. Kf1 Kf7 67. Ng2 Kf6 68. Ne3 Rc6 69. Rb2 Ne6 70. Rb7 Nc5 71. Rb2 Ne4 72. Ke2 Ke6 73. g4 Nd5 74. Kf3 Rc3 75. Ra2 Nxe3 76. fxe3 Rc1 77. h4 Rg1 78. Ra6+ Nd6 79. gxf5+ gxf5 80. Ra8 Rg4 81. e4 Nxe4 82. Re8+ Kd5 83. Re5+ Kd4 84. Rxf5 Rxh4 85. Rf8 Rh3+ 86. Kg2 Rg3+ 87. Kh2 Ke3 88. f5 Rf3 89. Kg2 Rf2+ 90. Kh3 Kf4 0-1

[Event "GER Seniors Derby 15th"]
[Site "Wesel Undeloh"]
[Date "2016.04.08"]
[Round "6"]
[White "Block, Wolfgang"]
[Black "Skibbe, Diana"]
[Result "1-0"]
[WhiteElo "2128"]
[BlackElo "2054"]
[PlyCount "63"]
[EventDate "2016.04.06"]
[EventType "swiss"]
[EventRounds "9"]
[EventCountry "GER"]
[SourceTitle "EXT 2019"]
[Source "ChessBase"]
[SourceDate "2018.10.10"]
[SourceVersion "1"]
[SourceVersionDate "2018.10.10"]
[SourceQuality "1"]

1. d4 Nf6 2. c4 g6 3. Nc3 Bg7 4. e4 d6 5. f3 0-0 6. Be3 c6 7. Qd2 e5 8. d5 Qe7 9. 0-0-0 Rd8 10. Bg5 Qf8 11. g4 h6 12. Be3 Kh7 13. Nge2 cxd5 14. cxd5 Bd7 15. Ng3 Ng8 16. Bd3 Na6 17. Kb1 Nb4 18. Bb5 Qe8 19. Bxd7 Qxd7 20. h4 Rdc8 21. a3 a5 22. h5 g5 23. Rc1 Bf6 24. Qe2 Na6 25. Qb5 Qxb5 26. Nxb5 Be7 27. Rxc8 Rxc8 28. Nf5 Rd8 29. Bb6 Rd7 30. Bxa5 Nc5 31. Rd1 Bf8 32. Bc7 1-0

[Event "Arber op Seniors 3rd"]
[Site "Bayerisch Eisenstein"]
[Date "2015.08.02"]
[Round "2"]
[White "Block, Wolfgang"]
[Black "Mentink, Toon"]
[Result "1-0"]
[WhiteElo "2084"]
[BlackElo "1852"]
[PlyCount "91"]
[EventDate "2015.08.01"]
[EventType "swiss"]
[EventRounds "9"]
[EventCountry "GER"]
[SourceTitle "EXT 2016"]
[Source "ChessBase"]
[SourceDate "2015.10.08"]
[SourceVersion "1"]
[SourceVersionDate "2015.10.08"]
[SourceQuality "1"]

1. d4 Nf6 2. c4 c5 3. d5 b5 4. Qc2 d6 5. e4 Nbd7 6. cxb5 g6 7. Nc3 Bg7 8. Nf3 0-0 9. h3 a6 10. Be2 axb5 11. Nxb5 Nb6 12. 0-0 Nfd7 13. Rd1 Ba6 14. Bf4 Qb8 15. a4 c4 16. Nbd4 Nc5 17. Nc6 Qb7 18. a5 Nc8 19. Bxc4 Bxc4 20. Qxc4 Qb3 21. Qxb3 Nxb3 22. Ra4 Re8 23. Be3 Ra6 24. Ne1 e6 25. Nd3 exd5 26. exd5 Ne7 27. Ndb4 Raa8 28. Nxe7+ Rxe7 29. Nc6 Ree8 30. a6 f5 31. a7 f4 32. Rxf4 Bh6 33. Rb4 Bxe3 34. fxe3 Nc5 35. Rb8 Nd7 36. Rxa8 Rxa8 37. Ra1 Kf7 38. Ra5 Kf6 39. Rb5 Kf5 40. Rb7 Ne5 41. Rb8 Rxa7 42. Nxa7 Ke4 43. Nc6 Nd3 44. Ne7 Kxe3 45. b4 Kd4 46. Rc8 1-0

[Event "Arber op Seniors 2nd"]
[Site "Bayerisch Eisenstein"]
[Date "2014.08.24"]
[Round "9"]
[White "Gervinskas, Vidmant"]
[Black "Block, Wolfgang"]
[Result "0-1"]
[WhiteElo "1896"]
[BlackElo "2074"]
[PlyCount "94"]
[EventDate "2014.08.16"]
[EventType "swiss"]
[EventRounds "9"]
[EventCountry "GER"]
[SourceTitle "EXT 2016"]
[Source "ChessBase"]
[SourceDate "2015.10.08"]
[SourceVersion "1"]
[SourceVersionDate "2015.10.08"]
[SourceQuality "1"]

1. d4 Nf6 2. c4 g6 3. Nc3 Bg7 4. e4 d6 5. Nf3 0-0 6. h3 c6 7. Bd3 Nbd7 8. 0-0 e5 9. dxe5 dxe5 10. Be3 Qc7 11. Qc2 Re8 12. Rab1 Nf8 13. Rfd1 Ne6 14. Qc1 Nh5 15. Ne2 Bf8 16. Qc3 Bg7 17. Qc2 b6 18. b4 Bb7 19. c5 b5 20. a4 a6 21. Qb3 Rad8 22. Bc2 Bc8 23. axb5 axb5 24. Qa2 Bf6 25. Bb3 Nhf4 26. Rxd8 Rxd8 27. Bxf4 exf4 28. Rd1 Rxd1+ 29. Bxd1 Ng5 30. Nxg5 Bxg5 31. Qd2 Qe5 32. Qd4 Bf6 33. Qxe5 Bxe5 34. Bb3 f3 35. gxf3 Bxh3 36. f4 Bb2 37. f3 Bd7 38. e5 Kf8 39. Kf2 Ke7 40. Ng3 h5 41. Ne4 Ba3 42. Ke3 Bxb4 43. Kd4 h4 44. Nf2 Be1 45. Ng4 h3 46. Ke3 Bxg4 47. fxg4 h2 0-1

[Event "Arber op Seniors 2nd"]
[Site "Bayerisch Eisenstein"]
[Date "2014.08.17"]
[Round "2"]
[White "Block, Wolfgang"]
[Black "Zilch, Lothar"]
[Result "1-0"]
[WhiteElo "2074"]
[BlackElo "1931"]
[PlyCount "139"]
[EventDate "2014.08.16"]
[EventType "swiss"]
[EventRounds "9"]
[EventCountry "GER"]
[SourceTitle "EXT 2016"]
[Source "ChessBase"]
[SourceDate "2015.10.08"]
[SourceVersion "1"]
[SourceVersionDate "2015.10.08"]
[SourceQuality "1"]

1. d4 Nf6 2. c4 d6 3. Nf3 Nbd7 4. Nc3 e5 5. Bg5 Be7 6. g3 c6 7. e4 0-0 8. Bg2 h6 9. Bxf6 Bxf6 10. d5 c5 11. 0-0 Nb6 12. Qd3 Be7 13. Nd2 g5 14. a3 a5 15. Qe2 Bd7 16. g4 Qc8 17. f3 a4 18. Rfb1 Qc7 19. Nf1 Qb8 20. Ne3 Kh7 21. Bf1 Rh8 22. Qg2 Ra6 23. Bd3 Kg7 24. Kf2 Rh7 25. Nf5+ Bxf5 26. exf5 f6 27. h4 Ra8 28. Rh1 gxh4 29. Rxh4 Qa7 30. Nb5 Qa5 31. Ke2 Rc8 32. Rah1 Nxd5 33. cxd5 c4 34. Nc3 cxd3+ 35. Kxd3 Qa6+ 36. Kc2 Qb5 37. Qd2 Qb3+ 38. Kb1 Rch8 39. Qc2 Qxc2+ 40. Kxc2 Rc8 41. Kb1 Rc4 42. Rc1 Rh8 43. Rhh1 Rhc8 44. Nxa4 Rxc1+ 45. Rxc1 Rxc1+ 46. Kxc1 h5 47. Kd2 hxg4 48. fxg4 Bd8 49. Ke3 Kf7 50. Kf3 Ke7 51. Kg3 Bc7 52. Nc3 Bb6 53. Ne4 Be3 54. b3 Bc1 55. a4 Ba3 56. Kh4 Kf7 57. g5 fxg5+ 58. Kxg5 Bc1+ 59. Kg4 Ba3 60. Ng5+ Kf6 61. Ne6 b6 62. Nf8 Ke7 63. Nh7 Bc1 64. f6+ Kf7 65. Kf5 Bd2 66. Ng5+ Ke8 67. Ne4 Bb4 68. Ke6 Kf8 69. f7 Ba3 70. Nf6 1-0

[Event "Regionalliga Mittelrhein 1213"]
[Site "Germany"]
[Date "2013.05.05"]
[Round "10.5"]
[White "Kopp, Jan"]
[Black "Block, Wolfgang"]
[Result "0-1"]
[WhiteElo "1975"]
[BlackElo "2029"]
[PlyCount "74"]
[EventDate "2012.09.09"]
[EventType "team"]
[EventRounds "11"]
[EventCountry "GER"]
[SourceTitle "EXT 2015"]
[Source "ChessBase"]
[SourceDate "2014.11.20"]
[SourceVersion "1"]
[SourceVersionDate "2014.11.20"]
[SourceQuality "1"]
[WhiteTeam "Godesberg IV"]
[BlackTeam "Bruehl"]
[WhiteTeamCountry "GER"]
[BlackTeamCountry "GER"]

1. d4 Nf6 2. c4 g6 3. Nc3 Bg7 4. e4 d6 5. f3 0-0 6. Be3 c5 7. d5 Nbd7 8. Nh3 Ne8 9. Qd2 a6 10. Be2 Qa5 11. Nf2 Nc7 12. Bh6 Nf6 13. h4 Nh5 14. g4 Ng3 15. Rh3 Nxe2 16. Bxg7 Kxg7 17. Kxe2 h6 18. f4 b5 19. h5 Qb4 20. b3 bxc4 21. hxg6 cxb3 22. Rxh6 Qc4+ 23. Kf3 fxg6 24. f5 Kf7 25. Ne2 gxf5 26. Qg5 fxe4+ 27. Kg2 Ke8 28. Nf4 Qd4 29. Re1 e3 30. Ng6 Rxf2+ 31. Kg3 Qxg4+ 32. Qxg4 Bxg4 33. Kxg4 Kd7 34. Rxe3 Nxd5 35. Rxb3 Rg8 36. Rf3 Rg2+ 37. Rg3 Ne3+ 0-1

[Event "Regionalliga Mittelrhein 1213"]
[Site "Germany"]
[Date "2013.01.13"]
[Round "6.5"]
[White "Block, Wolfgang"]
[Black "Orentlikher, Mikhail"]
[Result "0-1"]
[WhiteElo "2014"]
[BlackElo "2069"]
[PlyCount "82"]
[EventDate "2012.09.09"]
[EventType "team"]
[EventRounds "11"]
[EventCountry "GER"]
[SourceTitle "EXT 2015"]
[Source "ChessBase"]
[SourceDate "2014.11.20"]
[SourceVersion "1"]
[SourceVersionDate "2014.11.20"]
[SourceQuality "1"]
[WhiteTeam "Bruehl"]
[BlackTeam "Koeln Ford SF"]
[WhiteTeamCountry "GER"]
[BlackTeamCountry "GER"]

1. d4 Nf6 2. c4 g6 3. Nc3 Bg7 4. e4 d6 5. f3 0-0 6. Be3 c5 7. Nge2 Nc6 8. d5 Ne5 9. Ng3 e6 10. Be2 exd5 11. cxd5 a6 12. a4 Rb8 13. 0-0 b6 14. h3 Ne8 15. f4 Nd7 16. Bd3 Nc7 17. Qe2 Re8 18. Qf3 b5 19. axb5 axb5 20. Kh1 c4 21. Bc2 b4 22. Nd1 Nb5 23. Ne2 Qe7 24. Ra4 Nc5 25. Bxc5 dxc5 26. e5 Bd7 27. Ra1 Nd4 28. Nxd4 cxd4 29. d6 Qd8 30. Be4 Kh8 31. Bd5 Be6 32. Bc6 Rf8 33. Bd5 Qc8 34. Ra7 Qc5 35. Bxe6 Qxa7 36. Bxc4 Qc5 37. b3 f6 38. Nf2 fxe5 39. Nd3 Qxd6 40. Qe4 exf4 41. Nxf4 Rbe8 0-1

[Event "Regionalliga Mittelrhein 1213"]
[Site "Germany"]
[Date "2012.11.11"]
[Round "4.5"]
[White "Block, Wolfgang"]
[Black "Hoeren, Andreas"]
[Result "1/2-1/2"]
[WhiteElo "2030"]
[BlackElo "2114"]
[PlyCount "30"]
[EventDate "2012.09.09"]
[EventType "team"]
[EventRounds "11"]
[EventCountry "GER"]
[SourceTitle "EXT 2015"]
[Source "ChessBase"]
[SourceDate "2014.11.20"]
[SourceVersion "1"]
[SourceVersionDate "2014.11.20"]
[SourceQuality "1"]
[WhiteTeam "Bruehl"]
[BlackTeam "Koeln Lasker"]
[WhiteTeamCountry "GER"]
[BlackTeamCountry "GER"]

1. d4 d5 2. c4 c6 3. Nf3 Nf6 4. Nc3 dxc4 5. a4 a5 6. e3 Bg4 7. Bxc4 e6 8. 0-0 Bb4 9. Be2 Nbd7 10. Qc2 0-0 11. e4 h6 12. Rd1 Rc8 13. Ne5 Bxe2 14. Qxe2 Nh7 15. Bf4 Nxe5 1/2-1/2

[Event "EU-Cup 28th"]
[Site "Eilat"]
[Date "2012.10.15"]
[Round "5.6"]
[White "Friedrich, Norbert"]
[Black "Block, Wolfgang"]
[Result "1-0"]
[WhiteElo "2302"]
[BlackElo "2101"]
[PlyCount "85"]
[EventDate "2012.10.11"]
[EventType "team-swiss"]
[EventRounds "7"]
[EventCountry "ISR"]
[SourceTitle "CBM 151"]
[Source "ChessBase"]
[SourceDate "2012.11.13"]
[SourceVersion "1"]
[SourceVersionDate "2012.11.13"]
[SourceQuality "1"]
[WhiteTeam "Zuerich SG"]
[BlackTeam "Amay"]
[WhiteTeamCountry "SUI"]
[BlackTeamCountry "BEL"]

1. e4 c6 2. d4 d5 3. Nd2 dxe4 4. Nxe4 Bf5 5. Ng3 Bg6 6. N1e2 e6 7. h4 h6 8. Nf4 Bh7 9. Bc4 Nf6 10. c3 Nd5 11. Qe2 Qd6 12. Ne4 Bxe4 13. Qxe4 Nd7 14. Bd2 N7f6 15. Qf3 0-0-0 16. Nd3 Qc7 17. 0-0-0 Bd6 18. Bb3 c5 19. dxc5 Bxc5 20. Nxc5 Qxc5 21. Kb1 h5 22. Bg5 Rdf8 23. Rd4 Kb8 24. Rhd1 Ng4 25. Bxd5 exd5 26. Qg3+ Ka8 27. f3 Nf6 28. Bxf6 gxf6 29. Rxd5 Qc8 30. Qf4 Qe6 31. Rd6 Qe2 32. Qxf6 a6 33. R6d2 Qc4 34. Rd8+ Ka7 35. Rxf8 Rxf8 36. Qd4+ Qxd4 37. Rxd4 f5 38. Rf4 Rg8 39. Rxf5 Rxg2 40. Rxh5 Rf2 41. Rf5 Kb6 42. a4 Kc6 43. Ka2 1-0

[Event "Mittelrhein-chT 1112"]
[Site "Germany"]
[Date "2012.05.06"]
[Round "12.5"]
[White "Block, Wolfgang"]
[Black "Kohn, Sandro"]
[Result "1/2-1/2"]
[WhiteElo "2089"]
[BlackElo "2135"]
[PlyCount "75"]
[EventDate "2011.09.11"]
[EventType "team-tourn"]
[EventRounds "13"]
[EventCountry "GER"]
[SourceTitle "EXT 2013"]
[Source "ChessBase"]
[SourceDate "2012.11.22"]
[SourceVersion "1"]
[SourceVersionDate "2012.11.22"]
[SourceQuality "1"]
[WhiteTeam "Bruehl"]
[BlackTeam "Godesberg II"]
[WhiteTeamCountry "GER"]
[BlackTeamCountry "GER"]

1. d4 d5 2. c4 e6 3. Nc3 Be7 4. Nf3 Nf6 5. Bg5 0-0 6. e3 Nbd7 7. Rc1 h6 8. Bh4 a6 9. cxd5 exd5 10. Qb3 c6 11. Bd3 Ne8 12. Bxe7 Qxe7 13. 0-0 Nd6 14. Na4 Re8 15. Nb6 Nxb6 16. Qxb6 Bf5 17. Bxf5 Nxf5 18. Ne5 f6 19. Nd3 Qf7 20. a4 Re7 21. Qc5 Rd8 22. Qa5 Rde8 23. Nf4 h5 24. Qc5 g5 25. Ne2 Rd7 26. Qc2 Nd6 27. b3 h4 28. h3 Rde7 29. Nc3 f5 30. Qd2 Qg6 31. Kh1 Kh8 32. Qc2 Rc8 33. Ne2 Ne4 34. b4 g4 35. Nf4 Qg5 36. Rg1 g3 37. Rgf1 Nxf2+ 38. Rxf2 1/2-1/2